000 00531nam a2200181Ia 4500
003 IN-BaIIA
008 211028s9999 xx 000 0 eng d
040 _cIIA Library
080 _a53
_bDUN
100 _aDuncan, J
_98111
245 2 _aA Text book of physics
_bpt. 2, heat, for the use of students of science and engineering
_cJ. Duncan and S. G. Starling
260 _aLondon
_bMacmillan
_c1931
300 _axii, 314-548p.
650 _aNASA Thesaurus
650 _aPhysics
_973
700 _aStarling, S. G
_98112
942 _cBK
999 _c4598
_d4598